| 000 | 00609cam a2200181 a 4500 | ||
|---|---|---|---|
| 999 |
_c353 _d353 |
||
| 020 | _a9251034486 | ||
| 050 | 0 | 4 |
_aS494.S95 _bN675 NOR |
| 100 | 1 | _aNorman, D. W. | |
| 245 | 1 | 0 |
_aFarming systems development and soil conservation / _cDavid Norman and Malcolm Douglas. |
| 260 |
_aRome : _bFood and Agriculture Organization of the United Nations, _c1994. |
||
| 300 |
_aviii, 173 p. : _bill. ; _c21 cm. |
||
| 440 | 0 | _aFAO farm systems management series ; | |
| 500 | _aINCLUDES BIBLIOGRAPHIC REFERENCE | ||
| 650 | 0 | _aAgricultural systems. | |
| 650 | 0 | _aSoil conservation. | |
| 700 | 1 | _aDouglas, Malcolm. | |
| 942 | _cBK | ||